|
|
|
|
| LEADER |
00000nab#a22000007a#4500 |
| 001 |
arbauad029216 |
| 003 |
AR-BaUAD |
| 005 |
20250711112351.0 |
| 008 |
971118|||||||||###||||||b###|0###a|spa|| |
| 040 |
|
|
|a AR-BaUAD
|c AR-BaUAD
|b spa
|
| 100 |
|
|
|a Lootsma, Bart
|
| 245 |
|
|
|a Emittente radiotelevisiva /
|c Bart Lootsma;
|
| 300 |
0 |
|
|b fot., cortes, plantas
|
| 653 |
|
|
|a EDIFICIOS PARA COMUNICACIONES
|
| 653 |
|
|
|a PAISES BAJOS
|
| 653 |
|
|
|a MVRDV
|
| 653 |
|
|
|a ESTUDIOS DE TELEVISION
|
| 773 |
0 |
|
|t DOMUS
|g Nº796 [sep. 1997], p. 10-17
|
| 942 |
|
|
|c ARTI
|
| 952 |
|
|
|0 0
|1 0
|4 0
|7 0
|9 74135
|a AR-BAuAD
|b AR-BAuAD
|d 2025-07-11
|l 0
|p AAQA029216
|r 2025-07-11 11:23:51
|w 2025-07-11
|y ARTI
|
| 990 |
|
|
|a AQ199
|b TD
|
| 998 |
|
|
|a AAQ
|b BIBUN76
|
| 999 |
|
|
|c 53808
|d 53808
|